| 000 | 01830nam0a2200373 4500 | ||
|---|---|---|---|
| 001 | RU\NLR\bibl\976050 | ||
| 005 | 20250614212914.0 | ||
| 010 | _a5-7636-0802-X | ||
| 010 |
_a5-89628-161-7 _9200 |
||
| 021 |
_aRU _b2006-41514 _92077 |
||
| 035 | _a(NLR Aleph) 000963975 | ||
| 090 |
_a357214 _c357214 |
||
| 100 | _a20060817d2006 |||y0rusy50 ca | ||
| 101 | 0 | _arus | |
| 102 | _aRU | ||
| 105 | _aa ||||||||| | ||
| 200 | 1 |
_aИнженерно-экологическая надежность водоснабжения из подземных источников _eмонография _fБ.Ф. Турутин, В.А. Кулагин, А.И. Матюшенко _eпод ред. д.т.н., проф. Б.Ф. Турутина _gФедер. агентство по образованию, Краснояр. гос. техн. ун-т, Краснояр. гос. архит.-строит. акад. |
|
| 210 |
_aКрасноярск _cИПЦ КГТУ _cРИО КрасГАСА _d2006 |
||
| 215 |
_a208 с. _cил. _d21 |
||
| 225 | 1 |
_aРесурсосбережение и экологическая безопасность _eРЭБ |
|
| 320 | _aБиблиогр.: с. 201-205 (69 назв.) | ||
| 606 | 1 |
_aВодозаборы подземных вод _91284954 _3RU\NLR\auth\66212727 |
|
| 606 | 1 |
_aПодземные воды пресные _xЗапасы _xОценка _91126580 _3RU\NLR\auth\66127475 |
|
| 686 | _aД463.1-57 | ||
| 686 | _aН761.102.2 | ||
| 700 | 1 |
_aТурутин _bБ. Ф. _gБорис Федорович _4070 |
|
| 701 | 1 |
_aКулагин _bВ. А. _gВладимир Алексеевич _4070 |
|
| 701 | 1 |
_aМатюшенко _bА. И. _gАнатолий Иванович _4070 |
|
| 801 | 0 |
_aRU _bNLR _c20060817 _grcr |
|
| 801 | 1 |
_aRU _bNLR _c20060817 |
|
| 942 | _cBOOK | ||
| 980 | _aNB | ||